000
00281nam a2200109Ia 4500
008
201231s9999 xx 000 0 und d
100
_a
Srinivas, M. N.
245
0
_a
Indian Society Through Personal Writings
260
_a
Delhi
_b
Oxford University Press
300
_a
245
942
_c
BK
999
_c
9453
_d
9453